2 images,1 seul mot (#3) - Statistiques

Statistiques générales
  • Ce quiz a été pris 1 293 fois
  • Le résultat moyen est 6 sur 14
Statistiques - réponses
Par images Réponse % Correct
Kiwi
99%
Lentille
84%
Mousse
76%
Sol
61%
Chihuahua
53%
Terrier
52%
Bélier
46%
Corneille
39%
Arche
38%
Anémone
35%
Monarque
26%
Loir
18%
Hedwige
10%
Frégate
6%
Aucun quiz correspondant
Distribution des résultats
% des personnes avec chaque résultat
Percentile par nombre de réponses
Votre historique - résultats
Vous n’avez pas pris ce quiz